000 00232nam a22001097a 4500
003 SGT
100 _aSYAL, NIPUN
245 _aELECTRICAL ENGINEERING
260 _aCHANDIGARH
_bEDUZPHERE PIB.
_c2019
300 _a384
942 _2ddc
_cBK
999 _c32460
_d32460